Library Catalog

Mary D. Sheridan's play in early childhood : (Record no. 492753)

MARC details
000 -LEADER
fixed length control field 02013nam a22002297a 4500
003 - CONTROL NUMBER IDENTIFIER
control field OSt
005 - DATE AND TIME OF LATEST TRANSACTION
control field 20260515102158.0
008 - FIXED-LENGTH DATA ELEMENTS--GENERAL INFORMATION
fixed length control field 260515b |||||||| |||| 00| 0 eng d
020 ## - INTERNATIONAL STANDARD BOOK NUMBER
International Standard Book Number 9781138655881
040 ## - CATALOGING SOURCE
Original cataloging agency Kenya National Library Service
082 ## - DEWEY DECIMAL CLASSIFICATION NUMBER
Classification number 155.4 HOW
100 ## - MAIN ENTRY--PERSONAL NAME
Personal name Howard, Justine
Relator term Author
245 ## - TITLE STATEMENT
Title Mary D. Sheridan's play in early childhood :
Remainder of title from birth to six years /
Statement of responsibility, etc. Justine Howard.
250 ## - EDITION STATEMENT
Edition statement Fourth edition.
300 ## - PHYSICAL DESCRIPTION
Extent vii, 143 pages :
Other physical details illustrations ;
Dimensions 25 cm.
504 ## - BIBLIOGRAPHY, ETC. NOTE
Bibliography, etc. note Includes bibliographical references and index.
520 ## - SUMMARY, ETC.
Summary, etc. Mary D. Sheridan's Play in Early Childhood is a classic introductory text to play and development - key topics for all those who work with young children. Drawing on the most up-to-date evidence, it explains how children's play develops and how they develop as they play. With over 100 illustrations and observations of play from birth to six years, this new edition presents classical and contemporary literature, making clear links between play and all areas of children's development. It includes updated activities to consolidate thinking and suggestions for further reading throughout. This text considers: the development, value and characteristics of play issues relating to culture, adversity, gender, attachment and brain development play from recreational, therapeutic and educational perspectives the role of parents/caregivers and professionals in supporting play how to develop observation and reflection skills for use in your own practice Suitable both for those new to the area and for more experienced workers wanting a quick reference guide, this easy-to-follow book meets the needs of students and professionals from a wide range of health, education and social care backgrounds, including early years professionals, playworkers, children's nurses, play therapists and social workers.
650 ## - SUBJECT ADDED ENTRY--TOPICAL TERM
Topical term or geographic name entry element Child development.
942 ## - ADDED ENTRY ELEMENTS (KOHA)
Source of classification or shelving scheme Dewey Decimal Classification
Koha item type Books
Suppress in OPAC No
Holdings
Withdrawn status Source of classification or shelving scheme Damaged status Not for loan Home library Current library Date acquired Source of acquisition Cost, normal purchase price Total checkouts Full call number Barcode Date last seen Price effective from Koha item type
  Dewey Decimal Classification     Nakuru Library Acquisition, Cataloguing, Classification and Distribution Development 05/15/2026 BAI 20625.00   155.4 HOW B231973 05/15/2026 05/15/2026 Books

© 2025, Kenya National Library Service | Designed & Maintained by Uvumbuzi Center